Environmental science : (Record no. 355249)

000 -LEADER
fixed length control field 01791cam a22003734a 4500
001 - CONTROL NUMBER
control field 16468238
003 - CONTROL NUMBER IDENTIFIER
control field Nust- CAS-E
005 - DATE AND TIME OF LATEST TRANSACTION
control field 20180118181354.0
008 - FIXED-LENGTH DATA ELEMENTS--GENERAL INFORMATION
fixed length control field 100921s2011 njuab b 001 0 eng
010 ## - LIBRARY OF CONGRESS CONTROL NUMBER
LC control number 2010039916
015 ## - NATIONAL BIBLIOGRAPHY NUMBER
National bibliography number GBB0A1130
Source bnb
016 7# - NATIONAL BIBLIOGRAPHIC AGENCY CONTROL NUMBER
Record control number 015634456
Source Uk
020 ## - INTERNATIONAL STANDARD BOOK NUMBER
International Standard Book Number 9780470520338
020 ## - INTERNATIONAL STANDARD BOOK NUMBER
International Standard Book Number 0470520337
020 ## - INTERNATIONAL STANDARD BOOK NUMBER
International Standard Book Number 9780470917817
035 ## - SYSTEM CONTROL NUMBER
System control number (OCoLC)ocn659233571
040 ## - CATALOGING SOURCE
Original cataloging agency DLC
Transcribing agency DLC
Modifying agency YDX
-- UKM
-- YDXCP
-- CDX
-- BWX
-- DLC
042 ## - AUTHENTICATION CODE
Authentication code pcc
050 00 - LIBRARY OF CONGRESS CALL NUMBER
Classification number GE105
Item number .B68 2011
082 00 - DEWEY DECIMAL CLASSIFICATION NUMBER
Classification number 363.7
Edition number 22
Author Mark BOT 2011
100 1# - MAIN ENTRY--PERSONAL NAME
Personal name Botkin, Daniel B.
245 10 - TITLE STATEMENT
Title Environmental science :
Remainder of title earth as a living planet /
Statement of responsibility, etc. Daniel B. Botkin, Edward A. Keller.
250 ## - EDITION STATEMENT
Edition statement 8th ed.
260 ## - PUBLICATION, DISTRIBUTION, ETC.
Place of publication, distribution, etc. Hoboken, NJ :
Name of publisher, distributor, etc. Wiley,
Date of publication, distribution, etc. c2011.
300 ## - PHYSICAL DESCRIPTION
Extent xxiv, 567, [63] p. :
Other physical details ill. (chiefly col.), maps (chiefly col.) ;
Dimensions 29 cm.
504 ## - BIBLIOGRAPHY, ETC. NOTE
Bibliography, etc. note Includes bibliographical references and index.
520 ## - SUMMARY, ETC.
Summary, etc. "Environmental Science: Earth as a Living Planet, Eighth Edition provides emphasis on the scientific process throughout the book gives readers the structure to develop their critical thinking skills. Updated and revised to include the latest research in the field, the eighth edition continues to present a balanced analytical and interdisciplinary approach to the field. New streamlined text clears away the "jargon" to bring the issues and the science to the forefront. The new design and updated image program highlights key points and makes the book easier to navigate"--
650 #0 - SUBJECT ADDED ENTRY--TOPICAL TERM
Topical term or geographic name entry element Environmental sciences.
650 #0 - SUBJECT ADDED ENTRY--TOPICAL TERM
Topical term or geographic name entry element Human ecology.
700 1# - ADDED ENTRY--PERSONAL NAME
Personal name Keller, Edward A.,
Dates associated with a name 1942-
906 ## - LOCAL DATA ELEMENT F, LDF (RLIN)
a 7
b cbc
c orignew
d 1
e ecip
f 20
g y-gencatlg
942 ## - ADDED ENTRY ELEMENTS (KOHA)
Source of classification or shelving scheme
Koha item type Book
Holdings
Withdrawn status Lost status Source of classification or shelving scheme Damaged status Not for loan Permanent Location Current Location Shelving location Date acquired Source of acquisition Total Checkouts Total Renewals Full call number Barcode Date last seen Date last checked out Copy number Cost, replacement price Price effective from Koha item type
          US-Pakistan Center for Advanced Studies in Energy (USPCAS-E) US-Pakistan Center for Advanced Studies in Energy (USPCAS-E) General Stacks 04/12/2013 Victoria co 4 3 363.7 BOT 2011 CAS-E0000110 02/02/2026 01/21/2026 01 43234.00 02/18/2014 Book
          US-Pakistan Center for Advanced Studies in Energy (USPCAS-E) US-Pakistan Center for Advanced Studies in Energy (USPCAS-E) General Stacks 04/12/2013 Victoria co 2 1 363.7 BOT 2011 CAS-E0000111 05/14/2026 01/21/2026 02 43234.00 02/18/2014 Book
© 2023 Central Library, National University of Sciences and Technology. All Rights Reserved.